000 01231nam a2200229Ia 4500
001 L200-2626
003 IT-CnALBA
008 170116s9999||||xx |||||||||||||| ||und||
040 _aIT-CnALBA
_cIT-CnALBA
041 _aITALIANO
100 _aAA. VV.
245 0 _aTESTIMONIANZE. LA VITA CRISTIANA ALLA SCUOLA DEI LAICI.
250 _a1a ed.
260 _a BRESCIA
_bLA SCUOLA, SOCIETÀ EDITRICE
_c1946 [1° Ed.:1946 - Ed.Ling.Originale: 1946]
300 _a360 p. (prefazione: 716)
500 _aPREFAZIONE. CURATORE CISTELLINI ANTONIO. LE VIE ALLA LUCE. CASA DEL PADRE. COLLOQUIO CON DIO. VITA CRISTIANA. SACRIFICIO. UMILTÀ. PUREZZA. CARITÀ. SOFFERENZA. FONTI DELLA GRAZIA. SACERDOZIO. AMORE CRISTIANO. APOSTOLATO. ITINERARI. SUPREMI DESTINI. INSEGNA
501 _aSocietà San Paolo EM - Piazza San Paolo, 14 - 12051 ALBA (CN) (non commercial uses only) ® Copyright 2017
520 _aPREFAZIONE. CURATORE CISTELLINI ANTONIO. LE VIE ALLA LUCE. CASA DEL PADRE. COLLOQUIO CON DIO. VITA CRISTIANA. SACRIFICIO. UMILTÀ. PUREZZA. CARITÀ. SOFFERENZA. FONTI DELLA GRAZIA. SACERDOZIO. AMORE CRISTIANO. APOSTOLATO. ITINERARI. SUPREMI DESTINI. INSEGNA
650 _aTEOLOGIA SOCIALE
942 _cBK
957 _71
999 _a3607
_bSI
_g Copie: 1
_c261815
_d261815